000 01125nam a22003613a 4500
001 20701
003 VRT
005 20260130110605.0
008 231005s1981 xo g 000 1 slo d
035 _aa000732831
039 9 _a202410250930
_bfuskovaz
_c202312061058
_dfuskovaz
040 _aUKB
_bslo
_cUKB
_eAACR2
041 1 _aslo
_hnor
044 _axo
_cSK
100 1 _aTorjussen, David
_4aut
245 1 0 _aPátranie ; Mŕtvy v snehu ; Obliehanie
_cDavid Torjussen ; z nór. orig. prel. Jaroslav Kaňa
260 _aBratislava
_bSlovenský spisovateľ
_c1981
300 _a525 s.
490 1 _aZelená knižnica
500 _aDokument obsahuje 3 diela
530 _aDostupný aj zvukový záznam
700 1 _aKaňa, Jaroslav,
_d1925-2004
_4trl
740 0 2 _aMŕtvy v snehu
740 0 2 _aObliehanie
776 0 _tMŕtvy v snehu
_i[zvukový záznam]
776 0 _tPátranie
_i[zvukový záznam]
776 0 _tObliehanie
_i[zvukový záznam]
830 0 _aZelená knižnica
910 _aukb
942 _2ddc
_cKLDO
_n0
949 _61282540
_a24.D.83035
_bPV.8083-81
949 _61282541
_aS.D.73179
_bPV.8084-81
999 _c20701
_d20701